000 00575nam a2200241 a 4500
001 nice12345678
003 IN_TiNIC
005 20260116011353.0
008 050524s1931 kana grp 000 0 ara
020 _a
_c100
082 0 0 _a297.1227
_bSIY2
100 _aSiyuti, Jalaluddin
245 _aTafseer-I-Jalalain Ma Kamalain
260 _aKanpur
_b
_c1931
300 _a512p
500 _aincludes index and biblioraphy
505 2 _aArabic-Urdu
650 _aQuran-Hermeneutics
700 1 _aSiyuti, Jalaluddin
902 _bSRS
942 _cBK
999 _c934
_d934